<?xml version="1.0" encoding="UTF-8"?>
<collection xmlns="http://www.loc.gov/MARC21/slim">
 <record>
  <leader>00927pamaa2200229   4500</leader>
  <controlfield tag="001">0000043322</controlfield>
  <controlfield tag="005">20140506090000.0</controlfield>
  <controlfield tag="008">080221                             eng  </controlfield>
  <datafield tag="020" ind1="0" ind2="0">
   <subfield code="a">0582471710 (CD-ROM) </subfield>
  </datafield>
  <datafield tag="090" ind1="0" ind2="0">
   <subfield code="a">PE1128.A2 </subfield>
   <subfield code="b">JAK 2001</subfield>
  </datafield>
  <datafield tag="100" ind1="1" ind2="0">
   <subfield code="a">Jakeman </subfield>
  </datafield>
  <datafield tag="245" ind1="1" ind2="0">
   <subfield code="a">IELTS [</subfield>
   <subfield code="m">CD-ROM] : </subfield>
   <subfield code="b">practice test plus  </subfield>
   <subfield code="c">Vanessa Jakeman and Clare McDowell.</subfield>
  </datafield>
  <datafield tag="260" ind1="0" ind2="0">
   <subfield code="a">Edinburgh: </subfield>
   <subfield code="b">Logman, </subfield>
   <subfield code="c">2001.</subfield>
  </datafield>
  <datafield tag="300" ind1=" " ind2=" ">
   <subfield code="a">CD 1 (test 1 - test 2), CD 2 (test 3 - test 4), CD 3 (test 5).</subfield>
  </datafield>
  <datafield tag="500" ind1="0" ind2="0">
   <subfield code="a">To accompany textbook with title &quot;IELTS : practice test plus / Vanessa Jakeman and Clare McDowell&quot;</subfield>
  </datafield>
  <datafield tag="500" ind1="0" ind2="0">
   <subfield code="a">CD 1 - Skills for IELTS and Practice tests, CD 2 - Practice tests, CD 3 - Practice tests</subfield>
  </datafield>
  <datafield tag="501" ind1="0" ind2="0">
   <subfield code="a">FOLA</subfield>
  </datafield>
  <datafield tag="501" ind1="0" ind2="0">
   <subfield code="a">EIP</subfield>
  </datafield>
  <datafield tag="650" ind1="0" ind2="0">
   <subfield code="a">International English Language Testing System </subfield>
  </datafield>
  <datafield tag="650" ind1="0" ind2="0">
   <subfield code="a">English Language -- </subfield>
   <subfield code="x">Textbook for foriegn speaker </subfield>
  </datafield>
  <datafield tag="650" ind1="0" ind2="0">
   <subfield code="a">English Language -- </subfield>
   <subfield code="x">Examination </subfield>
  </datafield>
  <datafield tag="700" ind1="1" ind2="1">
   <subfield code="a">McDowell, </subfield>
   <subfield code="h">Clare </subfield>
  </datafield>
 </record>
</collection>
